Statistiche per Rosa Italia 1998

Clicka qui per fare il quiz!

Statistiche generali

  • Questo quiz è stato fatto 28 volte
  • Il punteggio medio è 15 su 22

Statistiche sulle risposte

RuoloClub dell'epocaCalciatore% Corretto
AttaccanteJuventusAlessandro Del Piero
95%
MilanPaolo Maldini
95%
ParmaGianluigi Buffon
90%
Atletico MadridChristian Vieri
86%
JuventusFilippo Inzaghi
86%
PortiereFiorentinaFrancesco Toldo
86%
InterGianluca Pagliuca
86%
ParmaFabio Cannavaro
81%
LazioAlessandro Nesta
76%
ParmaDino Baggio
76%
MilanAlessandro Costacurta
71%
BolognaRoberto Baggio
71%
JuventusAngelo Di Livio
62%
CentrocampistaMilanDemetrio Albertini
57%
DifensoreInterGiuseppe Bergomi
57%
ChelseaRoberto Di Matteo
57%
ParmaEnrico Chiesa
52%
JuventusGianluca Pessotto
52%
RomaLuigi Di Biagio
52%
JuventusMoreno Torricelli
38%
InterFrancesco Moriero
33%
FiorentinaSandro Cois
24%

Distribuzione punteggi

Percentile per numero di risposta

Percentuale di utenti per punteggio

I tuoi punteggi nel tempo

Non hai fatto questo quiz